Movies Quiz

Random Movies or Box Office Quiz

Box Office Top 20 (2000s) Quiz Stats

Quiz Updated Nov 21, 2016

Challenge
Share
Tweet
Embed
Score 0/20 Timer 08:00
2 Plays Today
Year Movie Title % Correct
2009Avatar
88.5%
2003The Lord of the Rings: The Return of the King
76%
2002The Lord of the Rings: The Two Towers
73.6%
2001The Lord of the Rings: The Fellowship of the Ring
67.9%
2008The Dark Knight
50.3%
2005Harry Potter and the Goblet of Fire
49.4%
2009Harry Potter and the Half-Blood Prince
48.1%
2002Harry Potter and the Chamber of Secrets
47.6%
2002Spider-Man
47.2%
2007Harry Potter and the Order of the Phoenix
46.9%
Year Movie Title % Correct
2001Harry Potter and the Philosopher's Stone
44%
2005Star Wars Episode III: Revenge of the Sith
38%
2007Spider-Man 3
35.9%
2003Finding Nemo
29.4%
2004Shrek 2
27.3%
2006Pirates of the Caribbean: Dead Man's Chest
26%
2007Shrek the Third
25.4%
2007Pirates of the Caribbean: At World's End
23.7%
2009Transformers: Revenge of the Fallen
20.4%
2009Ice Age: Dawn of the Dinosaurs
8.9%

You're not logged in!

Compare scores with friends on all Sporcle quizzes.
Sign Up with Email
OR
Log In

You Might Also Like...

Show Comments

Extras

Top Quizzes Today


Score Distribution

Your Account Isn't Verified!

In order to create a playlist on Sporcle, you need to verify the email address you used during registration. Go to your Sporcle Settings to finish the process.